| 000 | 01093cam a2200361 i 4500 | ||
|---|---|---|---|
| 999 |
_c200429553 _d47477 |
||
| 001 | 200429553 | ||
| 003 | TR-AnTOB | ||
| 005 | 20190408212356.0 | ||
| 007 | ta | ||
| 008 | 970507s1998 maua b 001 0 eng | ||
| 010 | _a 97015805 | ||
| 020 | _a007039184X | ||
| 035 | _a(TR-AnTOB) | ||
| 040 |
_aDLC _beng _erda _cDLC _dDLC _dTR-AnTOB |
||
| 041 | 0 | _aeng | |
| 050 | 0 | 0 |
_aHD58.7 _b.L88 1998 |
| 090 |
_aHD58.7 _b.L88 1998 |
||
| 100 | 1 |
_aLuthans, Fred, _d1939- _eauthor _9904 |
|
| 245 | 1 | 0 |
_aOrganizational behavior / _cFred Luthans. |
| 250 | _aEighth edition | ||
| 264 | 1 |
_aBoston, Mass. : _bMcGraw-Hill, _c[1998] |
|
| 264 | 4 | _c©1998 | |
| 300 |
_axxiii, 667 pages : _billustrations ; _c26 cm. |
||
| 336 |
_atext _btxt _2rdacontent |
||
| 337 |
_aunmediated _bn _2rdamedia |
||
| 338 |
_avolume _bnc _2rdacarrier |
||
| 504 | _aIncludes bibliographical references and index. | ||
| 590 | _aDonated by Demet Varoğlu | ||
| 650 | 0 |
_91819 _aOrganizational behavior |
|
| 650 | 7 |
_96539 _aÖrgütsel davranış _2etuturkob |
|
| 942 |
_2lcc _cBK |
||